000 00621nam a2200181Ia 4500
008 100917s9999 xx 000 0 und d
082 _b22984
100 _aटिळक अशोक देवदत्त - संपा.
245 _aटिळकांची कविता भा.4 था.
260 _bव्हीनस प्रकाशन
_c1963
300 _a350
365 _b10
520 _aकविता
630 _aटिळकांची कविता भा.4 था.
650 _aकविता
730 _aटिळकांची कविता भा.4 था.
942 _cBOOK
999 _c628378
_d628375